Pick the Song off the Album (Rap) - Statistics

General Stats
  • This quiz has been taken 10 times
  • The average score is 5 of 15
Answer Stats
Question Answer % Correct
UTOPIA - Travis Scot SIRENS
100%
Whole Lotta Red - Playboi Carti Die4Guy
70%
Yeezus - Kanye West Hold My Liqour
70%
HARD STONE PSYCHO - Don Toliver 4X4
50%
The Life Of Pi'erre 5 - Pi'erre Bourne 40 Clip
40%
So Much Fun - Young Thug Jumped Out The Window
40%
NO STYLIST - Destroy Lonely LNLY
40%
Alfredo 2 - Freddie Gibbs Lemon Pepper Steppers
30%
LONG.LIVE.A$AP - A$AP Rocky Phoenix
30%
God Does Like Ugly - JID Are We Vibing
20%
Eternal Atake - Lil Uzi Vert Celebration Station
20%
Death Race For Love - Juice WRLD Big
10%
? - XXXTENTACION going down!
10%
Still Striving - A$AP Ferg Mattress REMIX
0%
LIFE'S A TRIP - Trippie Redd UKA UKA
0%
No matching quizzes found
Score Distribution
Percent of People with Each Score
Percentile by Number Answered
Your Score History
You have not taken this quiz